معجم الملكية الفكرية / (رقم التسجيلة. 26146)
[ عرض عادي ]
| 000 -LEADER | |
|---|---|
| fixed length control field | 00601nam a22001937a 4500 |
| 005 - DATE AND TIME OF LATEST TRANSACTION | |
| control field | 20251108165350.0 |
| 008 - FIXED-LENGTH DATA ELEMENTS--GENERAL INFORMATION | |
| fixed length control field | 250721s2000 xx 000 0 ara d |
| 082 14 - DEWEY DECIMAL CLASSIFICATION NUMBER | |
| Classification number | م/346.4803/غزا |
| 100 1# - MAIN ENTRY--PERSONAL NAME | |
| Personal name | أبو غزالة، طلال |
| 245 10 - TITLE STATEMENT | |
| Title | معجم الملكية الفكرية / |
| 246 11 - VARYING FORM OF TITLE | |
| Title proper/short title | intellectual propertu |
| 264 1# - PRODUCTION, PUBLICATION, DISTRIBUTION, MANUFACTURE, AND COPYRIGHT NOTICE | |
| Place of production, publication, distribution, manufacture | عمان : |
| Name of producer, publisher, distributor, manufacturer | دائرة المكتبة الوطنية، |
| Date of production, publication, distribution, manufacture, or copyright notice | 2000. |
| 650 17 - SUBJECT ADDED ENTRY--TOPICAL TERM | |
| Topical term or geographic name as entry element | القانون |
| 650 17 - SUBJECT ADDED ENTRY--TOPICAL TERM | |
| Topical term or geographic name as entry element | الملكية الفكرية |
| 650 17 - SUBJECT ADDED ENTRY--TOPICAL TERM | |
| Topical term or geographic name as entry element | الملكية الصناعية |
| 650 17 - SUBJECT ADDED ENTRY--TOPICAL TERM | |
| Topical term or geographic name as entry element | علم المعاجم |
| 942 ## - ADDED ENTRY ELEMENTS (KOHA) | |
| Source of classification or shelving scheme | Dewey Decimal Classification |
| Koha item type | مراجع |
| حالة السحب | حالة الفقدان | مصدر التصنيف | حالة التلف | غير قابل للإعارة | المكتبة الرئيسية | المكتبة الحالية | موقع الرف | تاريخ التزويد | الرقم المتسلسل | Total Checkouts | رقم الإستدعاء | الباركود | تاريخ آخر ظهور | تاريخ الفاتورة | نوع المادة (كوها) |
|---|---|---|---|---|---|---|---|---|---|---|---|---|---|---|---|
| Dewey Decimal Classification | Not For Loan | المكتبة المركزية | المكتبة المركزية | مراجع | 06/07/2004 | 553415 | م/346.4803/غزا | 553415 | 28/07/2025 | 06/07/2004 | مراجع | ||||
| Dewey Decimal Classification | Not For Loan | مكتبة أبو علندا العامة | مكتبة أبو علندا العامة | مراجع | 31/10/2015 | 553424 | م/346.4803/غزا | PLD00361290 | 28/07/2025 | 31/10/2015 | مراجع | ||||
| Dewey Decimal Classification | Not For Loan | مكتبة الأميرة ايمان العامة | مكتبة الأميرة ايمان العامة | مراجع | 10/11/2013 | 553416 | م/346.4803/غزا | PLD00285596 | 28/07/2025 | 10/11/2013 | مراجع | ||||
| Dewey Decimal Classification | Not For Loan | مكتبة حمزة العامة | مكتبة حمزة العامة | مراجع | 08/11/2015 | 553422 | م/346.4803/غزا | PLD00362720 | 28/07/2025 | 08/11/2015 | مراجع | ||||
| Dewey Decimal Classification | Not For Loan | مكتبة صويلح العامة | مكتبة صويلح العامة | مراجع | 28/09/2019 | 553417 | م/346.4803/غزا | PLD00469323 | 28/07/2025 | 28/09/2019 | مراجع |